Statistics for Sports Teams by City

Click here to take the quiz!

General Stats

  • This quiz has been taken 17 times
  • The average score is 79 of 166

Answer Stats

Starting Country#Country% Correct
Boston/ New EnglandNHLBruins
85%
Boston/ New EnglandNFLPatriots
85%
Boston/ New EnglandMLBRed Sox
85%
BaltimoreNFLRavens
77%
New OrleansNFLSaints
77%
ChicagoNFLBears
69%
CincinnatiNFLBengals
69%
BuffaloNFLBills
69%
ChicagoNBABulls
69%
Boston/ New EnglandNBACeltics
69%
Kansas CityNFLChiefs
69%
New JerseyNHLDevils
69%
New York CityNFLGiants
69%
CharlotteNBAHornets
69%
New York CityNFLJets
69%
New York CityNBAKnicks
69%
DetroitNFLLions
69%
New York CityMLBMets
69%
BaltimoreMLBOrioles
69%
CharlotteNFLPanthers
69%
New York CityNHLRangers
69%
Kansas CityMLBRoyals
69%
DetroitMLBTigers
69%
NashvilleNFLTitans
69%
ChicagoMLBWhite Sox
69%
New York CityMLBYankees
69%
San FranciscoNFL49ers
62%
HoustonMLBAstros
62%
ChicagoNHLBlackhawks
62%
ColumbusNHLBlue Jackets
62%
St. LouisNHLBlues
62%
AtlantaMLBBraves
62%
DenverNFLBroncos
62%
ClevelandNFLBrowns
62%
Tampa BayNFLBuccaneers
62%
St. LouisMLBCardinals
62%
PhoenixNFLCardinals
62%
Los AngelesNFLChargers
62%
IndianapolisNFLColts
62%
MiamiNFLDolphins
62%
AnaheimNHLDucks
62%
PhiladelphiaNFLEagles
62%
AtlantaNFLFalcons
62%
PhiladelphiaNHLFlyers
62%
Las VegasNHLGolden Knights
62%
New York CityNHLIslanders
62%
New York CityNBANets
62%
Green BayNFLPackers
62%
New OrleansNBAPelicans
62%
DetroitNBAPistons
62%
Las VegasNFLRaiders
62%
Los AngelesNFLRams
62%
DetroitNHLRed Wings
62%
BuffaloNHLSabres
62%
SeattleNFLSeahawks
62%
OttawaNHLSenators
62%
San JoseNHLSharks
62%
HoustonNFLTexans
62%
MinnesotaNFLVikings
62%
MinnesotaNHLWild
62%
PhiladelphiaNBA76ers
54%
Los AngelesMLBAngels
54%
TorontoMLBBlue Jays
54%
MilwaukeeMLBBrewers
54%
MilwaukeeNBABucks
54%
MontrealNHLCanadiens
54%
VancouverNHLCanucks
54%
Washington D.C.NHLCapitals
54%
ClevelandNBACavaliers
54%
Los AngelesNBAClippers
54%
DallasNFLCowboys
54%
PhoenixNHLCoyotes
54%
ChicagoMLBCubs
54%
Los AngelesMLBDodgers
54%
CalagaryNHLFlames
54%
San FranciscoMLBGiants
54%
MemphisNBAGrizzlies
54%
AtlantaNBAHawks
54%
MiamiNBAHeat
54%
JacskonvilleNFLJaguars
54%
UtahNBAJazz
54%
WinnipegNHLJets
54%
Los AngelesNHLKings
54%
SacramentoNBAKings
54%
Los AngelesNBALakers
54%
Tampa BayNHLLightning
54%
TorontoNHLMaple Leafs
54%
SeattleMLBMariners
54%
MiamiMLBMarlins
54%
DallasNBAMavericks
54%
Washington D.C.MLBNationals
54%
DenverNBANuggets
54%
EdmontonNHLOilers
54%
IndianapolisNBAPacers
54%
PittsburghNHLPenguins
54%
TorontoNBARaptors
54%
Tampa BayMLBRays
54%
CincinnatiMLBReds
54%
DenverMLBRockies
54%
DallasNHLStars
54%
PittsburghNFLSteelers
54%
PhoenixNBASuns
54%
Oklahoma CityNBAThunder
54%
MinnesotaNBATimberwolves
54%
PortlandNBATrailblazers
54%
MinnesotaMLBTwins
54%
San FranciscoNBAWarriors
54%
OaklandMLBAthletics
46%
DenverNHLAvalanche
46%
PhoenixMLBDiamondbacks
46%
Washington D.C.NFLFootball Team
46%
RaleighNHLHurricanes
46%
ClevelandMLBIndians
46%
OrlandoNBAMagic
46%
San DiegoMLBPadres
46%
PhiladelphiaMLBPhillies
46%
PittsburghMLBPirates
46%
NashvilleNHLPredators
46%
DallasMLBRangers
46%
HoustonNBARockets
46%
San AntonioNBASpurs
46%
Washington D.C.NBAWizards
46%
ChicagoMLSFire
38%
MiamiNHLPanthers
38%
SeattleMLSSounders
38%
Los AngelesMLSGalaxy
31%
Boston/ New EnglandMLSRevolution
31%
PortlandMLSTimbers
31%
PhiladelphiaMLSUnion
31%
Washington D.C.MLSUnited
31%
HoustonMLSDynamo
23%
MontrealMLSImpact
23%
DenverMLSRapids
23%
VancouverMLSWhitecaps
23%
San JoseMLSEarthquakes
15%
DallasOWLFuel
15%
Los AngelesOWLGladiators
15%
HoustonOWLOutlaws
15%
UtahMLSReal
15%
New York CityMLSRed Bulls
15%
SacramentoMLSRepublic
15%
San FranciscoOWLShock
15%
AtlantaMLSUnited
15%
Boston/ New EnglandOWLUprising
15%
Los AngelesOWLValiant
15%
GuangzhouOWLCharge
8%
TorontoOWLDefiant
8%
ShanghaiOWLDragons
8%
SeoulOWLDynasty
8%
ParisOWLEternal
8%
New York CityOWLExcelsior
8%
PhiladelphiaOWLFusion
8%
MiamiMLSHerons
8%
ChengduOWLHunters
8%
Washington D.C.OWLJustice
8%
OrlandoMLSLions
8%
MinnesotaMLSLoons
8%
MiamiOWLMayhem
8%
New York CityMLSPigeons
8%
TorontoMLSReds
8%
AtlantaOWLReign
8%
HangzhouOWLSpark
8%
LondonOWLSpitfire
8%
VancouverOWLTitans
8%
DallasMLSToros
8%
Kansas CityMLSWizards
8%

Score Distribution

Percentile by Number Answered

Percent of People with Each Score

Your Score History

You have not taken this quiz